1595 1474 1130 1577 1604 1201 1273 1925 1385 1552 1030 1824 1382 1638 1446 1207 1787 1571 1346 1705 1269 1004 1469 1625 1763 1544 1822 1031 1435 1307 1371 1922 1196 1074 1641 1492 1686 1452 1424 1009 1252 1982 1921 1278 1683 1236 1100 1212 1651 1839 1066 1201 1826 1908 1731 1438 1469 1057 1432 1745 1922 1169 1138 1319 1669 1080 1488 1488 1937 1565 1312 1650 1422 1171 1043 1970 1898 1988 1521 1826 1465 1926 1188 1267 1810 1791 1835 1904 1148 1110 1991 1157 1218 1925 1451 1930 1656 1869 1270 BCNSPRNW ULIB Ver.6.0+V

เปลี่ยนเป็นภาษาไทย

Change to English
 แสดงรายละเอียดบรรณานุกรม
  กลับหน้าหลัก

Brief Record : Get Marc (ISO 2709) : E-mail record : QR code < ปิดหน้าต่าง
LEADER : 00000nam 2200000uu 4500
001    13399127551
003     ULIB
008    210125s2563||||th 000 0 tha d
020    ^a9786163984425
060    ^aWY159^bก227
100    ^aอมรรัชช์ งามสวย, บรรณาธิการ
245    ^aการพยาบาลเด็กที่มีปัญหาสุขภาพ
260    ^aเชียงใหม่ :^bคณะพยาบาลศาสตร์ มหาวิทยาลัยเชียงใหม่,^c2563
300    ^a324 หน้า :^bภาพประกอบ, ตาราง ;^c26 ซม.
650    ^aการพยาบาลกุมารเวชศาสตร์
700    ^aวรรณิตา สอนกองแดง, บรรณาธิการ
710    ^aมหาวิทยาลัยเชียงใหม่, คณะพยาบาลศาสตร์
945    ^p300^l0^i28497
945    ^p300^l0^i28498
945    ^p300^l0^i28499
945    ^p300^l0^i28500
945    ^p300^l0^i28501
945    ^p300^l0^i28502
945    ^p300^l0^i28503
945    ^p300^l0^i28504
945    ^p300^l0^i28505
945    ^p300^l0^i28506
999    ^aกัณชพร จุลอักษร
รายการนี้ยังไม่มีแท็ก
คุณยังไม่ได้ล็อกอิน คุณสามารถมีกิจกรรมร่วมกับเว็บไซต์ได้ แต่ต้องล็อกอินก่อน ::
  ล็อกอิน

รายการสื่อสารสนเทศ

ลำดับที่ ประเภท เลขเรียก/บาร์โค้ด สถานที่ สถานะ
1. หนังสือสำรอง
หนังสือสำรอง
WY159 ก227 ฉ.1 
  Barcode: 28497
ห้องสมุดวิทยาเขตนครสวรรค์
►หนังสือทั่วไป:l:General Books
บนชั้น
2. วิทยาศาสตร์การแพทย์ และสุขภาพ
วิทยาศาสตร์การแพทย์ และสุขภาพ
WY159 ก227 ฉ.10 
  Barcode: 28506
ห้องสมุดวิทยาเขตนครสวรรค์
►หนังสือทั่วไป:l:General Books
บนชั้น
3. วิทยาศาสตร์การแพทย์ และสุขภาพ
วิทยาศาสตร์การแพทย์ และสุขภาพ
WY159 ก227 ฉ.2 
  Barcode: 28498
ห้องสมุดวิทยาเขตนครสวรรค์
►หนังสือทั่วไป:l:General Books
บนชั้น
4. วิทยาศาสตร์การแพทย์ และสุขภาพ
วิทยาศาสตร์การแพทย์ และสุขภาพ
WY159 ก227 ฉ.3 
  Barcode: 28499
ห้องสมุดวิทยาเขตนครสวรรค์
►หนังสือทั่วไป:l:General Books
บนชั้น
5. วิทยาศาสตร์การแพทย์ และสุขภาพ
วิทยาศาสตร์การแพทย์ และสุขภาพ
WY159 ก227 ฉ.4 
  Barcode: 28500
ห้องสมุดวิทยาเขตนครสวรรค์
►หนังสือทั่วไป:l:General Books
บนชั้น
6. วิทยาศาสตร์การแพทย์ และสุขภาพ
วิทยาศาสตร์การแพทย์ และสุขภาพ
WY159 ก227 ฉ.5 
  Barcode: 28501
ห้องสมุดวิทยาเขตนครสวรรค์
►หนังสือทั่วไป:l:General Books
บนชั้น
7. วิทยาศาสตร์การแพทย์ และสุขภาพ
วิทยาศาสตร์การแพทย์ และสุขภาพ
WY159 ก227 ฉ.6 
  Barcode: 28502
ห้องสมุดวิทยาเขตนครสวรรค์
►หนังสือทั่วไป:l:General Books
บนชั้น
8. วิทยาศาสตร์การแพทย์ และสุขภาพ
วิทยาศาสตร์การแพทย์ และสุขภาพ
WY159 ก227 ฉ.7 
  Barcode: 28503
ห้องสมุดวิทยาเขตนครสวรรค์
►หนังสือทั่วไป:l:General Books
บนชั้น
9. วิทยาศาสตร์การแพทย์ และสุขภาพ
วิทยาศาสตร์การแพทย์ และสุขภาพ
WY159 ก227 ฉ.8 
  Barcode: 28504
ห้องสมุดวิทยาเขตนครสวรรค์
►หนังสือทั่วไป:l:General Books
บนชั้น
10. วิทยาศาสตร์การแพทย์ และสุขภาพ
วิทยาศาสตร์การแพทย์ และสุขภาพ
WY159 ก227 ฉ.9 
  Barcode: 28505
ห้องสมุดวิทยาเขตนครสวรรค์
►หนังสือทั่วไป:l:General Books
บนชั้น

รายการใกล้เคียง
    ชื่อเรื่อง [การพยาบาลเด็กที่มีปัญหาสุขภาพ]

    ผู้แต่ง [อมรรัชช์ งามสวย, บรรณาธิการ]

    หัวเรื่อง [การพยาบาลกุมารเวชศาสตร์]

BibComment


ยังไม่เคยถูกคอมเมนท์

คอมเมนท์ทรัพยากรรายการนี้
  คอมเมนท์: การพยาบาลเด็กที่..


 Copyright 2026. Bcnsprnw @Library